000 00758nam0a22002651 4500
001 v19\rc\1698936
005 20250619030118.0
035 _a(NLR Aleph) 004801221
090 _a4831101
_c4831100
100 _a20061002d1898 |||y0rusy50 ca
101 0 _arus
102 _aRU
105 _ay z |||||
200 1 _aК некоторым вопросам караимской общественной жизни
_fС.Б.
210 _aКиев
_cтипо-лит. газ. "Киев. сл."
_d1898
215 _a32 с.
_d22
701 0 _aС.Б.
801 0 _aRU
_bNLR
_gpsbo
801 0 _aRU
_bRuMoRGB
_2psbo
801 1 _aRU
_bProSoft-M
_2rusmarc
852 _aNLR
_j18.160.1.400
899 _aRuMoRGB
_jV 122/788
899 _aБАН
942 _cBOOK
980 _aNB